Statistics for English Inventions #2

Click here to take the quiz!

General Stats

  • This quiz has been taken 7,566 times
  • The average score is 13 of 20

Answer Stats

ClueAnswer% Correct
The way species become other speciesEvolution
92%
Inspired by an apple, Isaac Newton
formulated his theory of this
Gravity
92%
Newspaper word gameCrossword Puzzle
89%
Astronomical phenomenon that
happens every 76 years
{Halley}'s Comet
87%
Modern version of this Scottish garmentKilt
85%
Stretchy circle that holds things togetherRubber Band
81%
Sport played in an ovalCricket
70%
Potency pillViagra
70%
Way to blow up a submarineTorpedo
69%
Way to transport childrenStroller
68%
Way to put out a fireFire Extinguisher
64%
Synthetic material used in cheap suitsPolyester
63%
Way to keep your drink warmThermos
57%
Game with felt-covered ballsLawn Tennis
56%
Queensberry rules for this sportBoxing
42%
Musical pitch-checkerTuning Fork
38%
Another way to blow up a submarineDepth Charge
36%
Method of inquiry promoted
by Roger Bacon
{Scientific} Method
35%
Logarithmic stick popular before
electric calculators
Slide Rule
35%
This breed of racing horseThoroughbred
28%

Score Distribution

Percentile by Number Answered

Percent of People with Each Score

Your Score History

You have not taken this quiz